FEROZ DICTIONARY (URDU) (Record no. 583003)
[ view plain ]
| 000 -LEADER | |
|---|---|
| fixed length control field | 00247nam a22001097a 4500 |
| 082 ## - DEWEY DECIMAL CLASSIFICATION NUMBER | |
| Classification number | 491.43903 FER'F |
| 100 ## - MAIN ENTRY--PERSONAL NAME | |
| Personal name | FEROZ-UD-DIN |
| 9 (RLIN) | 74740 |
| 245 ## - TITLE STATEMENT | |
| Title | FEROZ DICTIONARY (URDU) |
| 260 ## - PUBLICATION, DISTRIBUTION, ETC. | |
| Place of publication, distribution, etc. | LAHORE |
| Name of publisher, distributor, etc. | FEROZ SONS |
| Date of publication, distribution, etc. | 1975 |
| 300 ## - PHYSICAL DESCRIPTION | |
| Extent | 1272P |
| 942 ## - ADDED ENTRY ELEMENTS (KOHA) | |
| Koha item type | Book |
| Withdrawn status | Lost status | Source of classification or shelving scheme | Damaged status | Not for loan | Permanent Location | Current Location | Shelving location | Date acquired | Shelving control number | Full call number | Barcode | Date last seen | Price effective from | Koha item type | Public note |
|---|---|---|---|---|---|---|---|---|---|---|---|---|---|---|---|
| College of Electrical & Mechanical Engineering (CEME) | College of Electrical & Mechanical Engineering (CEME) | Reference | 06/12/2017 | Book Cart | 491.43903 FER'F | CEME-8963 | 06/28/2021 | 06/28/2021 | Book | 1.8 |
